Network Epidemiology : (Record no. 761)

MARC details
000 -LEADER
fixed length control field 01248cam a22003134a 4500
001 - CONTROL NUMBER
control field 13629486
003 - CONTROL NUMBER IDENTIFIER
control field OSt
005 - DATE AND TIME OF LATEST TRANSACTION
control field 20161109151156.0
008 - FIXED-LENGTH DATA ELEMENTS--GENERAL INFORMATION
fixed length control field 040618s2004 enka b 101 0 eng
010 ## - LIBRARY OF CONGRESS CONTROL NUMBER
LC control number 2004300668
015 ## - NATIONAL BIBLIOGRAPHY NUMBER
National bibliography number GBA4-Z9806
020 ## - INTERNATIONAL STANDARD BOOK NUMBER
International Standard Book Number 0199269017
035 ## - SYSTEM CONTROL NUMBER
System control number (OCoLC)ocm53871752
040 ## - CATALOGING SOURCE
Original cataloging agency DLC
Transcribing agency DLC
Modifying agency DLC
042 ## - AUTHENTICATION CODE
Authentication code pcc
050 00 - LIBRARY OF CONGRESS CALL NUMBER
Classification number RA648.6
Item number .N48 2004
082 00 - DEWEY DECIMAL CLASSIFICATION NUMBER
Classification number WA 900 M363n 2004
Edition number 22
100 ## - MAIN ENTRY--PERSONAL NAME
Personal name Edited by Martina, Morris
9 (RLIN) 11269
245 00 - TITLE STATEMENT
Title Network Epidemiology :
Remainder of title a handbook for survey design and data collection
260 ## - PUBLICATION, DISTRIBUTION, ETC. (IMPRINT)
Name of publisher, distributor, etc. Oxford University Press,
Date of publication, distribution, etc. 2004.
300 ## - PHYSICAL DESCRIPTION
Extent xii, 237 p. :
Other physical details ill. ;
Dimensions 25 cm.
500 ## - GENERAL NOTE
General note "This book is the outcome of a conference on 'Partnerships and the spread of HIV and other infections' sponsored by the International Union for the Scientific Study of Population (IUSSP) in Chiang Mai, Thailand in February 2000"--Editor's intro.
504 ## - BIBLIOGRAPHY, ETC. NOTE
Bibliography, etc Includes bibliographical references and index.
650 #0 - SUBJECT ADDED ENTRY--TOPICAL TERM
Topical term or geographic name as entry element Epidemiology
Form subdivision Congresses.
9 (RLIN) 2034
650 #0 - SUBJECT ADDED ENTRY--TOPICAL TERM
Topical term or geographic name as entry element Public/Community health
9 (RLIN) 2035
856 42 - ELECTRONIC LOCATION AND ACCESS
Materials specified Publisher description
Uniform Resource Identifier http://www.loc.gov/catdir/enhancements/fy0620/2004300668-d.html
906 ## - LOCAL DATA ELEMENT F, LDF (RLIN)
a 7
b cbc
c origres
d 2
e ncip
f 20
g y-gencatlg
942 ## - ADDED ENTRY ELEMENTS (KOHA)
Source of classification or shelving scheme Other/Generic Classification Scheme
Koha item type Short Loan
Holdings
Withdrawn status Lost status Source of classification or shelving scheme Damaged status Not for loan Home library Current library Date acquired Source of acquisition Inventory number Total Checkouts Full call number Barcode Date last seen Koha item type
    Other/Generic Classification Scheme     MUST Main Library MUST Main Library 18/11/2014   05/25024   WA 900 M363n 2004 2014-3380 18/11/2014 Short Loan